1. Kassandra - Quevedo - Estadísticas

Estadísticas generales
  • Esta prueba ha sido intentada 20 veces
  • La puntuación promedio es 196 de 336
Estadísticas de respuestas
ANSWER % Correcto
a
100%
En
88%
en
88%
le
88%
no
88%
No
88%
Y
88%
Acompaña
75%
Acompañada
75%
acompañada
75%
Afterparty
75%
afterparty
75%
Buenas
75%
de
75%
De
75%
desfiles
75%
el
75%
ella
75%
Ella
75%
es
75%
Es
75%
está
75%
la
75%
ma
75%
moda
75%
noche
75%
noches
75%
nunca
75%
pero
75%
Pero
75%
privado
75%
si
75%
siempre
75%
sol
75%
sola
75%
yeah
75%
ahora
63%
Ahora
63%
anillos
63%
baby
63%
ballet
63%
boda
63%
diamantes
63%
Entre
63%
entre
63%
Hollywood
63%
lo
63%
madre
63%
63%
Moscú
63%
Ni
63%
ni
63%
pa
63%
que
63%
qué
63%
63%
se
63%
sin
63%
ver
63%
aquella
50%
aunque
50%
bailarina
50%
camufla
50%
conmigo
50%
contó
50%
diferente
50%
español
50%
esté
50%
este
50%
gente
50%
guionista
50%
hablabas
50%
historia
50%
las
50%
más
50%
me
50%
mira
50%
mirándome
50%
padre
50%
para
50%
photocall
50%
por
50%
prensa
50%
prometida
50%
protagonista
50%
responde
50%
sabía
50%
Santorini
50%
su
50%
Su
50%
tan
50%
te
50%
50%
50%
tu
50%
veranea
50%
ya
50%
Ya
50%
Yo
50%
al
38%
ante
38%
antes
38%
aprendió
38%
aprovechemos
38%
así
38%
Así
38%
basta
38%
bellaca
38%
calle
38%
cierran
38%
círculos
38%
coincidencias
38%
correcta
38%
creciste
38%
cuando
38%
deja
38%
Después
38%
detrás
38%
diferencia
38%
diferentes
38%
dio
38%
distintos
38%
dura
38%
enseñan
38%
ese
38%
estás
38%
estilista
38%
formal
38%
había
38%
hacer
38%
hizo
38%
iguales
38%
larga
38%
marca
38%
mejor
38%
obedecer
38%
oído
38%
pasan
38%
peinado
38%
persona
38%
prendas
38%
primera
38%
Primera
38%
puedes
38%
quiere
38%
quieres
38%
Quítate
38%
Respeto
38%
ruido
38%
rumbos
38%
salir
38%
ser
38%
siente
38%
Sigue
38%
soberbia
38%
solo
38%
somos
38%
sonreír
38%
soy
38%
tal
38%
tanta
38%
tele
38%
tienda
38%
tomamos
38%
tranquila
38%
triste
38%
una
38%
vendan
38%
veo
38%
vestido
38%
vez
38%
vi
38%
viste
38%
visto
38%
voy
38%
ambiente
25%
aquí
25%
decirte
25%
dijiste
25%
eres
25%
estar
25%
nuevo
25%
pone
25%
Sácate
25%
también
25%
tarde
25%
tengo
25%
todo
25%
bebé
13%
No se encontraron pruebas coincidentes
Distribución de puntuación
Porcentaje de gente con cada puntuación
Porcentaje por número respondido
Historial de tus puntuaciones
No has intentado esta prueba.